| 000 | 00936cad a2200241 4500 | ||
|---|---|---|---|
| 008 | 100811s1994 xxk l f | ||
| 020 | _a0110450124 | ||
| 035 | _a(Sirsi) u28574 | ||
| 041 | _aeng | ||
| 110 | 2 |
_aUnited Kingdom _kLaws, etc _95044 |
|
| 245 | 0 | 4 |
_aThe Environmental Assessment (Scotland) Amendment Regulations 1994 _h[electronic resource] |
| 260 |
_aLondon _bHMSO _c1994 |
||
| 350 | _a1.95 | ||
| 490 |
_aSI _v1994:2012 |
||
| 520 | _aMade 19 July 1994. Coming into force 19 August 1994. Amends SI 1988:1221. | ||
| 650 | _aEUROPEAN COMMUNITIES ACT 1972 S2(2) | ||
| 650 | _aTOWN AND COUNTRY PLANNING (SCOTLAND) ACY 1972 S26B | ||
| 650 | 2 | 4 | _aENVIRONMENTAL ASSESSMENT (SCOTLAND) AMENDMENT REGULATIONS 1994 |
| 690 |
_aPlanning and development _96259 |
||
| 856 | 4 | 0 |
_uhttps://www.legislation.gov.uk/uksi/1994/2012/contents/made _zView the SI free of charge at www.legislation.gov.uk |
| 942 | _n0 | ||
| 948 | _c04/03/1997 | ||
| 999 |
_c89298 _d89298 |
||